[Event "Baku Ahiita op"]
[Site "Baku"]
[Date "2015.11.19"]
[Round "6"]
[White "Hasanzada, Vugar"]
[Black "Abdullayev, Tarlan"]
[Result "0-1"]
[WhiteElo "1355"]
[BlackElo "1394"]
[PlyCount "72"]
[EventDate "2015.11.14"]
[EventType "swiss"]
[EventRounds "7"]
[EventCountry "AZE"]
[SourceTitle "EXT 2024"]
[Source "ChessBase"]
[SourceDate "2023.10.10"]
[SourceVersion "1"]
[SourceVersionDate "2023.10.10"]
[SourceQuality "1"]

1. d4 d5 2. e3 c6 3. Bd3 Nf6 4. Nd2 e6 5. Ngf3 Bd6 6. b3 Nbd7 7. Bb2 Qc7 8. 0-0 0-0 9. h3 e5 10. dxe5 Nxe5 11. Nxe5 Bxe5 12. Bxe5 Qxe5 13. f4 Qxe3+ 14. Kh1 Re8 15. f5 Qe7 16. Re1 Qxe1+ 17. Qxe1 Rxe1+ 18. Rxe1 Bd7 19. g4 Re8 20. Rxe8+ Nxe8 21. Nf3 f6 22. Kg2 c5 23. c3 Bc6 24. Kf2 Kf7 25. h4 Nd6 26. Ke3 Ke7 27. a4 a6 28. h5 b5 29. a5 c4 30. Nd4 Bd7 31. Bc2 cxb3 32. Nxb3 Nc4+ 33. Kd4 Kd6 34. Bd1 Ne5 35. Nc5 Nc6+ 36. Kd3 Kxc5 0-1